000 00243nam a2200097Ia 4500
008 170619s9999 xx 000 0 und d
100 _aPita- Edward G.
245 0 _aAir conditioning principles and systems
260 _bNew Delhi: PHI
260 _c2003
546 _aENGLISH
999 _c17843
_d17843